<?xml version="1.0" encoding="UTF-8"?>
<record
    xmlns:xsi="http://www.w3.org/2001/XMLSchema-instance"
    xsi:schemaLocation="http://www.loc.gov/MARC21/slim http://www.loc.gov/standards/marcxml/schema/MARC21slim.xsd"
    xmlns="http://www.loc.gov/MARC21/slim">

  <leader>02184nam a2200277 a 4500</leader>
  <controlfield tag="001">000000357</controlfield>
  <controlfield tag="003">DO-SdBNP</controlfield>
  <controlfield tag="005">20260220124733.0</controlfield>
  <controlfield tag="007">ta</controlfield>
  <controlfield tag="008">081126s2003    dr ac         000 0 spa d</controlfield>
  <datafield tag="040" ind1=" " ind2=" ">
    <subfield code="a">DO-SdBNP</subfield>
    <subfield code="b">spa</subfield>
    <subfield code="c">BNPHU</subfield>
  </datafield>
  <datafield tag="082" ind1=" " ind2="4">
    <subfield code="a">372.832 </subfield>
    <subfield code="b">R426ma, 2003</subfield>
    <subfield code="2">22</subfield>
  </datafield>
  <datafield tag="110" ind1="1" ind2=" ">
    <subfield code="a">Rep&#xFA;blica Dominicana.</subfield>
    <subfield code="b">Procuradur&#xED;a General de la Rep&#xFA;blica.</subfield>
    <subfield code="b">Departamento de Prevenci&#xF3;n de la Corrupci&#xF3;n Administrativa </subfield>
    <subfield code="9">1204</subfield>
  </datafield>
  <datafield tag="245" ind1="0" ind2="0">
    <subfield code="a">Manual de &#xE9;tica ciudadana :</subfield>
    <subfield code="b">educaci&#xF3;n moral y c&#xED;vica : libro de texto para 6&#xBA;, 7&#xBA; y 8&#xBA; del nivel b&#xE1;sico.</subfield>
  </datafield>
  <datafield tag="260" ind1=" " ind2=" ">
    <subfield code="a">Santo Domingo :</subfield>
    <subfield code="b">Procuradur&#xED;a General de la Rep&#xFA;blica,</subfield>
    <subfield code="c">2003.</subfield>
  </datafield>
  <datafield tag="300" ind1=" " ind2=" ">
    <subfield code="a">184 p. :</subfield>
    <subfield code="b">il., fots. ;</subfield>
    <subfield code="c">28 cm.</subfield>
  </datafield>
  <datafield tag="505" ind1="0" ind2=" ">
    <subfield code="t">Presentaci&#xF3;n --</subfield>
    <subfield code="t">Orientaciones al/la profesor (a) --</subfield>
    <subfield code="t">Primer Curso --</subfield>
    <subfield code="t">La educaci&#xF3;n c&#xED;vica --</subfield>
    <subfield code="t">Nacimiento de la &#xE9;tica --</subfield>
    <subfield code="t">Papel de la educaci&#xF3;n moral y c&#xED;vica en la formaci&#xF3;n de ciudadanos (as) --</subfield>
    <subfield code="t">Investigaci&#xF3;n sobre la &#xE9;tica y la moral --</subfield>
    <subfield code="t">Conciencia &#xE9;tica y conciencia moral --</subfield>
    <subfield code="t">Definiendo conciencia &#xE9;tica y conciencia moral --</subfield>
    <subfield code="t">Conciencia &#xE9;tica, conciencia moral y desarrollo humano --</subfield>
    <subfield code="t">Modelos en cadena --</subfield>
    <subfield code="t">El desarrollo de la criticidad en el estudiante de media --</subfield>
    <subfield code="t">El m&#xE9;todo socr&#xE1;tico --</subfield>
    <subfield code="t">La comunicaci&#xF3;n y la &#xE9;tica --</subfield>
    <subfield code="t">Los sujetos y los valores --</subfield>
    <subfield code="t">El l&#xED;der --</subfield>
    <subfield code="t">El respeto al medio social y ecol&#xF3;gico ambiental --</subfield>
    <subfield code="t">Lectura --</subfield>
    <subfield code="t">Reflexionando --</subfield>
    <subfield code="t">Valores que sustentan la estructura familiar --</subfield>
    <subfield code="t">La familia --</subfield>
    <subfield code="t">Causas de la desintegraci&#xF3;n familiar --</subfield>
    <subfield code="t">La honestidad --</subfield>
    <subfield code="t">Actividades --</subfield>
    <subfield code="t">Derechos y deberes individuales y sociales --</subfield>
    <subfield code="t">Consultando la Ley General de Salud No. 42-00 --</subfield>
    <subfield code="t">Ley No. 14-94: comentando y reflexionando sobre las leyes consultadas --</subfield>
    <subfield code="t">Actividad, 51.</subfield>
  </datafield>
  <datafield tag="590" ind1=" " ind2=" ">
    <subfield code="a">Inventariado, 2018/MFF</subfield>
  </datafield>
  <datafield tag="650" ind1=" " ind2="7">
    <subfield code="a">&#xC9;tica</subfield>
    <subfield code="x">Ense&#xF1;anza</subfield>
    <subfield code="9">509</subfield>
    <subfield code="2">LIBRUNAM </subfield>
  </datafield>
  <datafield tag="650" ind1=" " ind2="0">
    <subfield code="a">Conducta de vida </subfield>
    <subfield code="9">11947</subfield>
    <subfield code="2">LIBRUNAM </subfield>
  </datafield>
  <datafield tag="650" ind1=" " ind2="0">
    <subfield code="a">Educaci&#xF3;n c&#xED;vica</subfield>
    <subfield code="x">Libros de texto</subfield>
    <subfield code="9">1206</subfield>
  </datafield>
  <datafield tag="650" ind1=" " ind2="4">
    <subfield code="a">Educaci&#xF3;n c&#xED;vica</subfield>
    <subfield code="x">Ense&#xF1;anza secundaria  </subfield>
    <subfield code="9">78694</subfield>
  </datafield>
  <datafield tag="710" ind1="1" ind2=" ">
    <subfield code="a">Rep&#xFA;blica Dominicana. </subfield>
    <subfield code="b">Procuradoria General de la Rep&#xFA;blica</subfield>
    <subfield code="b">Departamento de Prevenci&#xF3;n de la Corrupci&#xF3;n Administrativa </subfield>
    <subfield code="9">78697</subfield>
  </datafield>
  <datafield tag="910" ind1=" " ind2=" ">
    <subfield code="a">Validado. Control de calidad EMS.</subfield>
  </datafield>
  <datafield tag="942" ind1=" " ind2=" ">
    <subfield code="2">ddc</subfield>
    <subfield code="c">LBS1</subfield>
  </datafield>
  <datafield tag="952" ind1=" " ind2=" ">
    <subfield code="0">0</subfield>
    <subfield code="1">0</subfield>
    <subfield code="2">ddc</subfield>
    <subfield code="5">6</subfield>
    <subfield code="7">0</subfield>
    <subfield code="8">DS</subfield>
    <subfield code="a">BNPHU</subfield>
    <subfield code="b">BNPHU</subfield>
    <subfield code="c">HD</subfield>
    <subfield code="d">2009-07-15</subfield>
    <subfield code="o">BNPHU DS 372.832 R426ma 2003</subfield>
    <subfield code="p">357-30</subfield>
    <subfield code="r">2020-06-25</subfield>
    <subfield code="t">e.3</subfield>
    <subfield code="w">2020-06-25</subfield>
    <subfield code="y">LBS1</subfield>
  </datafield>
  <datafield tag="952" ind1=" " ind2=" ">
    <subfield code="0">0</subfield>
    <subfield code="1">0</subfield>
    <subfield code="2">ddc</subfield>
    <subfield code="5">6</subfield>
    <subfield code="7">0</subfield>
    <subfield code="8">DS</subfield>
    <subfield code="a">BNPHU</subfield>
    <subfield code="b">BNPHU</subfield>
    <subfield code="c">HD</subfield>
    <subfield code="d">2009-07-15</subfield>
    <subfield code="o">BNPHU DS 372.832 R426ma 2003</subfield>
    <subfield code="p">357-40</subfield>
    <subfield code="r">2020-06-25</subfield>
    <subfield code="t">e.4</subfield>
    <subfield code="w">2020-06-25</subfield>
    <subfield code="y">LBS1</subfield>
  </datafield>
  <datafield tag="952" ind1=" " ind2=" ">
    <subfield code="0">0</subfield>
    <subfield code="1">0</subfield>
    <subfield code="2">ddc</subfield>
    <subfield code="5">6</subfield>
    <subfield code="7">0</subfield>
    <subfield code="8">DS</subfield>
    <subfield code="a">BNPHU</subfield>
    <subfield code="b">BNPHU</subfield>
    <subfield code="c">HD</subfield>
    <subfield code="d">2009-07-15</subfield>
    <subfield code="o">BNPHU DS 372.832 R426ma 2003</subfield>
    <subfield code="p">357-50</subfield>
    <subfield code="r">2020-06-25</subfield>
    <subfield code="t">e.5</subfield>
    <subfield code="w">2020-06-25</subfield>
    <subfield code="y">LBS1</subfield>
  </datafield>
  <datafield tag="952" ind1=" " ind2=" ">
    <subfield code="0">0</subfield>
    <subfield code="1">0</subfield>
    <subfield code="2">ddc</subfield>
    <subfield code="5">1</subfield>
    <subfield code="7">0</subfield>
    <subfield code="8">PD</subfield>
    <subfield code="a">BNPHU</subfield>
    <subfield code="b">BNPHU</subfield>
    <subfield code="c">HD</subfield>
    <subfield code="d">2009-07-15</subfield>
    <subfield code="o">BNPHU PD 372.832 R426ma 2003</subfield>
    <subfield code="p">357-10</subfield>
    <subfield code="r">2020-06-25</subfield>
    <subfield code="w">2020-06-25</subfield>
    <subfield code="y">LBS1</subfield>
  </datafield>
  <datafield tag="952" ind1=" " ind2=" ">
    <subfield code="0">0</subfield>
    <subfield code="1">0</subfield>
    <subfield code="2">ddc</subfield>
    <subfield code="5">1</subfield>
    <subfield code="7">0</subfield>
    <subfield code="8">PD</subfield>
    <subfield code="a">BNPHU</subfield>
    <subfield code="b">BNPHU</subfield>
    <subfield code="c">HD</subfield>
    <subfield code="d">2009-07-15</subfield>
    <subfield code="o">BNPHU PD 372.832 R426ma 2003</subfield>
    <subfield code="p">357-20</subfield>
    <subfield code="r">2020-06-25</subfield>
    <subfield code="t">e.2</subfield>
    <subfield code="w">2020-06-25</subfield>
    <subfield code="y">LBS1</subfield>
  </datafield>
  <datafield tag="999" ind1=" " ind2=" ">
    <subfield code="c">356</subfield>
    <subfield code="d">356</subfield>
  </datafield>
</record>
